Phương pháp số trong cơ học (Giáo trình cho các trường)

Guardado en:
Detalles Bibliográficos
Autor principal: Đinh, Văn Phong
Formato: Libro
Lenguaje:Undetermined
Publicado: Hà Nội Khoa học và Kỹ thuật 2006
Materias:
Etiquetas: Agregar Etiqueta
Sin Etiquetas, Sea el primero en etiquetar este registro!
Thư viện lưu trữ: Trung tâm Học liệu Trường Đại học Cần Thơ
LEADER 00647nam a2200205Ia 4500
001 CTU_106343
008 210402s9999 xx 000 0 und d
020 |c 13000 
082 |a 515 
082 |b Ph431 
100 |a Đinh, Văn Phong 
245 0 |a Phương pháp số trong cơ học 
245 0 |b (Giáo trình cho các trường) 
245 0 |c Đinh Văn Phong 
260 |a Hà Nội 
260 |b Khoa học và Kỹ thuật 
260 |c 2006 
650 |a Mathematical analysis,Differential equations,Algebras, linear 
904 |i Minh (Nguyên sửa) 
980 |a Trung tâm Học liệu Trường Đại học Cần Thơ